Learning Python

Uloženo v:
Podrobná bibliografie
Hlavní autor: Lutz, Mark (autor)
Médium: Kniha
Jazyk:angličtina
Vydáno: Sebastopol O`Reilly Media Inc 2013
Vydání:5a. ed
Témata:
Tagy: Přidat tag
Žádné tagy, Buďte první, kdo vytvoří štítek k tomuto záznamu!

MARC

LEADER 00000cam a2200000 a 4500
001 UCC7559
003 CL-VaPUC
008 190412e20130000us |||||||||||||||||eng|d
020 |a 9781449355739 
082 0 4 |a 005.133  |b LUT  |2 21 
100 |a Lutz, Mark  |e autor  |9 602204 
245 1 0 |a Learning Python 
250 |a 5a. ed 
300 |a 1590 p 
942 |c BK 
945 |d 20190412 13:45:00  |a dcastane 
260 |a Sebastopol  |b O`Reilly Media Inc  |c 2013 
650 0 |a Lenguajes de programación   |9 259458 
650 0 |a Programación de computadores   |9 259531 
650 0 |a Programación orientada a objetos  |9 549843 
583 |a last modification  |c 20190412 13:45:00  |k Rodrigo Vera 
999 |c 374171  |d 374169 
952 |0 0  |1 0  |3 erb  |4 0  |6 005_133000000000000_LUT_2013  |7 0  |8 A  |9 492639  |a BIBAGR  |b BIBAGR  |i 5543045  |o 005.133 LUT 2013  |p 5543045  |r 2025-01-20  |w 2019-11-24  |y BK  |z Catalogado en:20190412  |k AGR